| 000 | 00828nam a2200229 a 4500 | ||
|---|---|---|---|
| 005 | 20210223130206.0 | ||
| 008 | 070509s2005 mx r 000 0 spa d | ||
| 020 | _a8449318262 | ||
| 035 | _aUPN01000150240 | ||
| 049 | _aCG | ||
| 050 | 4 |
_aHQ814 _bH4.3 |
|
| 100 | 1 |
_aHetherington, Eileen Mavis, _d1926- |
|
| 245 | 1 | 0 |
_aEn lo bueno y en lo malo : _bla experiencia del divorcio : cómo influye realmente la separación en la vida de padres e hijos / _cE. Mavis Hetherington y John Kelly. |
| 260 |
_aBarcelona, Esp. : _bPaidós, _c2005. |
||
| 300 | _a333 p. | ||
| 440 | 0 |
_aDivulgación. _pAutoayuda ; _v228 |
|
| 534 |
_pTítulo original: _tFor better or for worse. Divorce reconsidered |
||
| 650 | 4 |
_aDIVORCIO - _xASPECTOS PSICOLOGICOS _94351 |
|
| 650 | 4 |
_aDIVORCIADOS _96980 |
|
| 700 | 1 |
_aKelly, John, _ecoaut. |
|
| 905 | _aLibro | ||
| 999 |
_c122381 _d122381 |
||